Name these Icelanders - Statistics

General Stats
  • This quiz has been taken 47 times
  • The average score is 4 of 16
Answer Stats
Picture Hint Answer % Correct
Singer Björk
86%
Explorer Leif Erikson
74%
Explorer Erik the Red
35%
Footballer Gylfi Þór Sigurðsson
30%
Professional Strongman Hafþór Júlíus Björnsson
26%
President Vigdís Finnbogadóttir
26%
Actor Stefán Karl Stefánsson
21%
Prime Minister Katrín Jakobsdóttir
19%
Singer Yohanna
19%
First Norse Settler Ingólfr Arnarson
16%
Writer, Nobel Prize Winner Halldór Laxness
14%
Prime Minister Jóhanna Sigurðardóttir
14%
President Guðni Th. Jóhannesson
12%
Footballer Sverrir Ingi Ingason
2%
Billionaire Björgólfur Thor Björgólfsson
0%
Suffragist Bríet Bjarnhéðinsdóttir
0%
No matching quizzes found
Score Distribution
Percent of People with Each Score
Percentile by Number Answered
Your Score History
You have not taken this quiz